000 00608nam a2200241Ia 4500
003 OSt
005 20221005120635.0
006 a|||||r|||| 00| 0
007 ta
008 221004b |||||||| |||| 00| 0 mal d
024 _a58522
037 _cTextual
040 _aCRL
_cCRL
_bmal
041 _2mal
_amal
082 _aV2:51wM69x, 32J6
100 _aGandhi Au.
_9624888
245 0 _aEnte jeevitha katha
260 _c1956
650 _a MALAYALAM LITERATURE
_938866
650 _aHISTORY
942 _hV2:51wM69x, 32J6
_cTEXL
_2cc
999 _c1038645
_d1038645